The Rise and Fall of the Pyramid Schemes in Albania /

What lessons can be drawn from the unprecedented growth and spectacular collapse of financial pyramid schemes in Albania? This paper discusses the origins of the pyramid schemes and the way the authorities handled them. It also analyzes the economic effects of the pyramid schemes, concluding that de...

Celý popis

Podrobná bibliografie
Hlavní autor: Jarvis, Christopher
Médium: Časopis
Jazyk:English
Vydáno: Washington, D.C. : International Monetary Fund, 1999.
Edice:IMF Working Papers; Working Paper ; No. 1999/098
On-line přístup:Full text available on IMF
LEADER 01688cas a2200241 a 4500
001 AALejournalIMF007620
008 230101c9999 xx r poo 0 0eng d
020 |c 5.00 USD 
020 |z 9781451852127 
022 |a 1018-5941 
040 |a BD-DhAAL  |c BD-DhAAL 
100 1 |a Jarvis, Christopher. 
245 1 4 |a The Rise and Fall of the Pyramid Schemes in Albania /  |c Christopher Jarvis. 
264 1 |a Washington, D.C. :  |b International Monetary Fund,  |c 1999. 
300 |a 1 online resource (36 pages) 
490 1 |a IMF Working Papers 
500 |a <strong>Off-Campus Access:</strong> No User ID or Password Required 
500 |a <strong>On-Campus Access:</strong> No User ID or Password Required 
506 |a Electronic access restricted to authorized BRAC University faculty, staff and students 
520 3 |a What lessons can be drawn from the unprecedented growth and spectacular collapse of financial pyramid schemes in Albania? This paper discusses the origins of the pyramid schemes and the way the authorities handled them. It also analyzes the economic effects of the pyramid schemes, concluding that despite the descent into anarchy triggered by the schemes' collapse their direct effects on the economy are difficult to specify and appear to have been limited. Finally, the paper argues that prevention of pyramid schemes is better than cure, and that governments and international financial institutions should be vigilant in clamping down on frauds. 
538 |a Mode of access: Internet 
830 0 |a IMF Working Papers; Working Paper ;  |v No. 1999/098 
856 4 0 |z Full text available on IMF  |u http://elibrary.imf.org/view/journals/001/1999/098/001.1999.issue-098-en.xml  |z IMF e-Library